[Event "English Open Championship 2024"]
[Site "Holiday Inn, 212 Abbey End, Kenilworth CV8 1ED, United Kingdom"]
[Date "2024.06.21"]
[Round "3.7"]
[White "Sefton, Adam"]
[Black "Fernandez, Daniel H"]
[Result "0-1"]
[TimeControl "G90 + 30secs/move"]
[WhiteFideId "343400965"]
[BlackFideId "5801605"]
[WhiteElo "1850"]
[BlackElo "2526"]

1. d4 {[%clk 01:30:51]} {[%emt 00:00:08]} g6 {[%clk 01:24:22]} {[%emt
00:06:39]} 2. e4 {[%clk 01:30:18]} {[%emt 00:01:04]} Bg7 {[%clk 01:24:50]}
{[%emt 00:00:02]} 3. Nc3 {[%clk 01:29:13]} {[%emt 00:01:35]} a6 {[%clk
01:25:12]} {[%emt 00:00:08]} 4. Be3 {[%clk 01:28:18]} {[%emt 00:01:25]} b5
{[%clk 01:25:29]} {[%emt 00:00:13]} 5. Qd2 {[%clk 01:27:35]} {[%emt 00:01:12]}
d6 {[%clk 01:20:45]} {[%emt 00:05:14]} 6. f3 {[%clk 01:26:29]} {[%emt
00:01:36]} Nd7 {[%clk 01:12:37]} {[%emt 00:08:38]} 7. a4 {[%clk 01:22:30]}
{[%emt 00:04:29]} b4 {[%clk 01:12:45]} {[%emt 00:00:22]} 8. Nd1 {[%clk
01:22:25]} {[%emt 00:00:36]} Rb8 {[%clk 01:10:35]} {[%emt 00:02:39]} 9. Bc4
{[%clk 01:20:27]} {[%emt 00:02:28]} Ngf6 {[%clk 01:09:38]} {[%emt 00:01:26]} 10.
Bb3 {[%clk 01:17:46]} {[%emt 00:03:12]} c5 {[%clk 01:02:03]} {[%emt 00:08:04]}
11. dxc5 {[%clk 01:11:14]} {[%emt 00:07:03]} Nxc5 {[%clk 01:02:27]} {[%emt
00:00:06]} 12. Bc4 {[%clk 01:04:40]} {[%emt 00:07:05]} Qc7 {[%clk 01:02:50]}
{[%emt 00:00:07]} 13. Ne2 {[%clk 00:53:20]} {[%emt 00:11:49]} Ncxe4 {[%clk
01:02:19]} {[%emt 00:01:01]} 14. Bxf7+ {[%clk 00:53:04]} {[%emt 00:00:46]} Kxf7
{[%emt 00:00:10]} 15. fxe4 {[%clk 00:53:25]} Bb7 {[%clk 01:03:11]} {[%emt
00:00:06]} 16. Ng3 {[%clk 00:51:01]} {[%emt 00:02:54]} h5 {[%clk 01:03:07]}
{[%emt 00:00:34]} 17. Nf2 {[%clk 00:48:28]} {[%emt 00:03:03]} h4 {[%clk
01:03:25]} {[%emt 00:00:11]} 18. Ne2 {[%clk 00:48:37]} {[%emt 00:00:21]} Nxe4
{[%clk 00:58:29]} {[%emt 00:05:27]} 19. Nxe4 {[%clk 00:48:17]} {[%emt
00:00:49]} Bxe4 {[%clk 00:58:57]} {[%emt 00:00:03]} 20. O-O+ {[%clk 00:48:24]}
{[%emt 00:00:23]} Kg8 {[%clk 00:59:18]} {[%emt 00:00:09]} 21. Nd4 {[%clk
00:43:55]} {[%emt 00:04:59]} e5 {[%clk 00:58:28]} {[%emt 00:01:19]} 22. Nf3
{[%clk 00:42:43]} {[%emt 00:01:42]} h3 {[%clk 00:57:14]} {[%emt 00:01:44]} 23.
Rac1 {[%clk 00:40:32]} {[%emt 00:02:41]} hxg2 {[%clk 00:51:26]} {[%emt
00:06:18]} 24. Rf2 {[%clk 00:39:30]} {[%emt 00:01:32]} Rf8 {[%clk 00:42:17]}
{[%emt 00:09:40]} 25. Ng5 {[%clk 00:36:09]} {[%emt 00:03:51]} Rxf2 {[%clk
00:36:29]} 26. Bxf2 {[%clk 00:35:55]} {[%emt 00:07:01]} Bh6 {[%clk 00:35:24]}
{[%emt 00:01:35]} 27. Re1 {[%clk 00:28:24]} {[%emt 00:08:02]} Bf5 {[%clk
00:33:38]} {[%emt 00:02:15]} 28. Qd5+ {[%clk 00:24:26]} {[%emt 00:04:28]} Kg7
{[%clk 00:33:57]} {[%emt 00:00:11]} 29. Bb6 {[%clk 00:24:05]} {[%emt 00:00:51]}
Qxb6+ {[%clk 00:34:15]} {[%emt 00:00:13]} 0-1

[Event "English Open Championship 2024"]
[Site "Holiday Inn, 212 Abbey End, Kenilworth CV8 1ED, United Kingdom"]
[Date "2024.06.21"]
[Round "3.8"]
[White "Gormally, Daniel W"]
[Black "Carroll, Thomas"]
[Result "1-0"]
[TimeControl "G90 + 30secs/move"]
[WhiteFideId "406465"]
[BlackFideId "450111"]
[WhiteElo "2421"]
[BlackElo "2107"]

1. d4 {[%clk 01:30:54]} {[%emt 00:00:06]} d5 {[%clk 01:30:57]} {[%emt
00:00:05]} 2. c4 {[%clk 01:31:11]} {[%emt 00:00:12]} c6 {[%clk 01:31:22]}
{[%emt 00:00:05]} 3. Nf3 {[%clk 01:31:36]} {[%emt 00:00:04]} Nf6 {[%clk
01:31:48]} {[%emt 00:00:05]} 4. Nc3 {[%clk 01:31:36]} {[%emt 00:00:30]} a6
{[%clk 01:32:10]} {[%emt 00:00:09]} 5. Bg5 {[%clk 01:31:02]} {[%emt 00:01:03]}
Ne4 {[%clk 01:32:20]} {[%emt 00:00:21]} 6. Bf4 {[%clk 01:30:31]} {[%emt
00:01:00]} Nxc3 {[%clk 01:32:18]} {[%emt 00:00:33]} 7. bxc3 {[%clk 01:30:52]}
{[%emt 00:00:08]} dxc4 {[%clk 01:32:43]} {[%emt 00:00:06]} 8. g3 {[%clk
01:30:43]} {[%emt 00:00:39]} b5 {[%clk 01:32:08]} {[%emt 00:01:05]} 9. Bg2
{[%clk 01:30:32]} {[%emt 00:00:40]} Nd7 {[%clk 01:31:47]} {[%emt 00:00:51]} 10.
O-O {[%clk 01:29:27]} {[%emt 00:01:35]} Bb7 {[%clk 01:31:03]} {[%emt 00:01:15]}
11. Ne5 {[%clk 01:24:35]} {[%emt 00:05:22]} Nxe5 {[%clk 01:27:34]} {[%emt
00:03:58]} 12. Bxe5 {[%clk 01:24:58]} {[%emt 00:00:07]} e6 {[%clk 01:26:28]}
{[%emt 00:01:37]} 13. e4 {[%clk 01:25:03]} {[%emt 00:00:25]} f6 {[%clk
01:17:56]} {[%emt 00:09:02]} 14. Bf4 {[%clk 01:25:22]} {[%emt 00:00:10]} Ba3
{[%clk 01:18:02]} {[%emt 00:00:25]} 15. Qh5+ {[%clk 01:21:46]} {[%emt
00:04:05]} g6 {[%clk 01:12:48]} {[%emt 00:05:44]} 16. Qh6 {[%clk 01:19:25]}
{[%emt 00:02:51]} Qe7 {[%clk 01:10:51]} {[%emt 00:02:28]} 17. e5 {[%clk
01:11:28]} {[%emt 00:08:27]} f5 {[%clk 01:09:46]} {[%emt 00:01:35]} 18. Bg5
{[%clk 01:09:10]} {[%emt 00:02:48]} Qf8 {[%clk 01:06:58]} {[%emt 00:03:18]} 19.
Qh4 {[%clk 01:09:36]} {[%emt 00:00:04]} h6 {[%clk 01:01:33]} {[%emt 00:05:56]}
20. Bf6 {[%clk 01:09:56]} {[%emt 00:00:10]} Be7 {[%clk 01:00:50]} {[%emt
00:01:12]} 21. a4 {[%clk 01:09:19]} {[%emt 00:01:07]} Bxf6 {[%clk 00:59:49]}
{[%emt 00:01:30]} 22. exf6 {[%clk 01:07:40]} {[%emt 00:02:09]} g5 {[%clk
00:58:40]} {[%emt 00:01:40]} 23. Qh5+ {[%clk 01:05:23]} {[%emt 00:02:46]} Qf7
{[%clk 00:58:42]} {[%emt 00:00:28]} 24. Qe2 {[%clk 01:05:50]} {[%emt 00:00:03]}
O-O {[%clk 00:57:31]} {[%emt 00:01:41]} 25. Rfe1 {[%clk 01:06:15]} {[%emt
00:00:06]} Rae8 {[%clk 00:55:57]} {[%emt 00:02:03]} 26. axb5 {[%clk 01:05:38]}
{[%emt 00:01:08]} cxb5 {[%clk 00:52:24]} {[%emt 00:04:03]} 27. Bxb7 {[%clk
01:05:03]} {[%emt 00:01:04]} Qxb7 {[%clk 00:52:46]} {[%emt 00:00:08]} 28. Qh5
{[%clk 00:57:43]} {[%emt 00:07:51]} Kh7 {[%clk 00:34:14]} {[%emt 00:19:02]} 29.
Re5 {[%clk 00:58:02]} {[%emt 00:00:11]} Qc6 {[%clk 00:26:45]} {[%emt 00:07:59]}
30. Rc5 {[%clk 00:51:52]} {[%emt 00:06:40]} Qb7 {[%clk 00:23:00]} {[%emt
00:04:15]} 31. Rxa6 {[%clk 00:43:14]} {[%emt 00:09:09]} Ra8 {[%clk 00:22:29]}
{[%emt 00:01:01]} 32. Rac6 {[%clk 00:39:44]} {[%emt 00:04:00]} Ra1+ {[%clk
00:21:37]} {[%emt 00:01:22]} 33. Kg2 {[%clk 00:40:09]} {[%emt 00:00:04]} Rxf6
{[%clk 00:18:53]} {[%emt 00:03:15]} 34. d5 {[%clk 00:39:46]} {[%emt 00:00:53]}
Ra7 {[%clk 00:17:55]} {[%emt 00:01:29]} 35. Qe2 {[%clk 00:34:42]} {[%emt
00:05:34]} f4 {[%clk 00:16:36]} {[%emt 00:01:48]} 36. Qe4+ {[%clk 00:31:50]}
{[%emt 00:03:22]} Kg7 {[%clk 00:16:49]} {[%emt 00:00:17]} 37. Qe5 {[%clk
00:22:04]} {[%emt 00:10:16]} f3+ {[%clk 00:06:04]} {[%emt 00:11:16]} 38. Kh3
{[%clk 00:22:28]} {[%emt 00:00:06]} Kg6 {[%clk 00:05:13]} {[%emt 00:01:21]} 39.
Rc7 {[%clk 00:19:55]} {[%emt 00:03:03]} Qa6 {[%clk 00:05:04]} {[%emt 00:00:38]}
40. R5c6 {[%clk 00:19:32]} {[%emt 00:00:53]} Qa1 {[%clk 00:02:55]} {[%emt
00:02:40]} 41. Qe4+ {[%clk 00:19:55]} {[%emt 00:00:06]} Kh5 {[%clk 00:03:18]}
{[%emt 00:00:08]} 42. g4# {[%clk 00:20:21]} {[%emt 00:00:04]} 1-0

[Event "English Open Championship 2024"]
[Site "Holiday Inn, 212 Abbey End, Kenilworth CV8 1ED, United Kingdom"]
[Date "2024.06.21"]
[Round "3.9"]
[White "Bates, Richard A"]
[Black "Williams, Ana"]
[Result "1-0"]
[TimeControl "G90 + 30secs/move"]
[WhiteFideId "403555"]
[BlackFideId "343419771"]
[WhiteElo "2312"]
[BlackElo "1988"]

1. d4 {[%clk 01:30:56]} {[%emt 00:00:02]} Nf6 {[%clk 01:30:54]} {[%emt
00:00:06]} 2. Nf3 {[%clk 01:31:08]} {[%emt 00:00:17]} e6 {[%clk 01:31:19]}
{[%emt 00:00:06]} 3. c4 {[%clk 01:30:39]} {[%emt 00:00:58]} d5 {[%clk
01:31:42]} {[%emt 00:00:07]} 4. g3 {[%clk 01:31:05]} {[%emt 00:00:04]} dxc4
{[%clk 01:32:05]} {[%emt 00:00:08]} 5. Bg2 {[%clk 01:31:31]} {[%emt 00:00:04]}
c5 {[%clk 01:32:30]} {[%emt 00:00:05]} 6. O-O {[%clk 01:30:03]} {[%emt
00:01:57]} Nc6 {[%clk 01:32:50]} {[%emt 00:00:10]} 7. dxc5 {[%clk 01:26:16]}
{[%emt 00:04:18]} Qxd1 {[%clk 01:32:41]} 8. Rxd1 {[%clk 01:26:42]} {[%emt
00:00:42]} Bxc5 {[%clk 01:33:04]} {[%emt 00:00:08]} 9. Nbd2 {[%clk 01:19:57]}
{[%emt 00:07:16]} c3 {[%clk 01:33:12]} {[%emt 00:00:21]} 10. bxc3 {[%clk
01:17:48]} {[%emt 00:02:39]} O-O {[%clk 01:26:31]} {[%emt 00:07:10]} 11. Nb3
{[%clk 01:17:00]} {[%emt 00:01:18]} Be7 {[%clk 01:24:43]} {[%emt 00:02:18]} 12.
Bf4 {[%clk 01:13:53]} {[%emt 00:03:38]} Bd7 {[%clk 01:08:35]} {[%emt 00:16:38]}
13. Ne5 {[%clk 01:01:18]} {[%emt 00:13:05]} Nxe5 {[%clk 01:03:45]} {[%emt
00:05:20]} 14. Bxe5 {[%clk 01:01:41]} {[%emt 00:00:07]} Bc6 {[%clk 01:01:58]}
{[%emt 00:02:17]} 15. Bxc6 {[%clk 00:59:32]} {[%emt 00:02:38]} bxc6 {[%clk
01:02:23]} {[%emt 00:00:05]} 16. Na5 {[%clk 00:58:33]} {[%emt 00:01:30]} Rac8
{[%clk 00:46:03]} {[%emt 00:17:21]} 17. Rab1 {[%clk 00:56:54]} {[%emt
00:02:37]} Bc5 {[%clk 00:43:32]} {[%emt 00:03:01]} 18. Bxf6 {[%clk 00:49:36]}
{[%emt 00:07:48]} gxf6 {[%clk 00:43:54]} {[%emt 00:00:08]} 19. Nb7 {[%clk
00:49:54]} {[%emt 00:00:12]} Bb6 {[%clk 00:41:38]} {[%emt 00:02:46]} 20. Rd7
{[%clk 00:46:49]} {[%emt 00:03:35]} Rc7 {[%clk 00:39:41]} {[%emt 00:02:27]} 21.
Rbd1 {[%clk 00:38:19]} {[%emt 00:09:00]} Rb8 {[%clk 00:39:01]} {[%emt
00:01:10]} 22. Rd8+ {[%clk 00:32:13]} {[%emt 00:06:35]} Rxd8 {[%clk 00:39:21]}
{[%emt 00:00:10]} 23. Rxd8+ {[%clk 00:32:41]} {[%emt 00:00:02]} Kg7 {[%clk
00:39:43]} {[%emt 00:00:09]} 24. Nd6 {[%clk 00:33:04]} {[%emt 00:00:07]} Re7
{[%clk 00:35:10]} {[%emt 00:05:02]} 25. Rc8 {[%clk 00:32:37]} {[%emt 00:00:58]}
f5 {[%clk 00:33:17]} {[%emt 00:02:22]} 26. Rxc6 {[%clk 00:32:16]} {[%emt
00:00:52]} Rd7 {[%clk 00:25:13]} {[%emt 00:08:33]} 27. Nc4 {[%clk 00:29:35]}
{[%emt 00:03:11]} Bd8 {[%clk 00:23:36]} {[%emt 00:02:08]} 28. Rd6 {[%clk
00:17:59]} {[%emt 00:12:06]} Rc7 {[%clk 00:22:28]} {[%emt 00:01:38]} 29. Rxd8
{[%clk 00:18:19]} {[%emt 00:00:10]} Rxc4 {[%clk 00:22:53]} {[%emt 00:00:05]} 30.
Rd3 {[%clk 00:18:37]} {[%emt 00:00:12]} e5 {[%clk 00:20:56]} {[%emt 00:02:27]}
31. Rd5 {[%clk 00:18:10]} {[%emt 00:00:56]} Rxc3 {[%clk 00:21:09]} {[%emt
00:00:18]} 32. Rxe5 {[%clk 00:18:15]} {[%emt 00:00:25]} Ra3 {[%clk 00:21:22]}
{[%emt 00:00:17]} 33. Rxf5 {[%clk 00:18:22]} {[%emt 00:00:23]} Rxa2 {[%clk
00:21:47]} {[%emt 00:00:05]} 34. Kf1 {[%clk 00:14:49]} {[%emt 00:04:03]} a5
{[%clk 00:18:47]} {[%emt 00:03:30]} 35. h4 {[%clk 00:14:15]} {[%emt 00:01:03]}
a4 {[%clk 00:17:05]} {[%emt 00:02:13]} 36. Ra5 {[%clk 00:13:40]} {[%emt
00:01:05]} a3 {[%clk 00:16:03]} {[%emt 00:01:32]} 37. g4 {[%clk 00:13:59]}
{[%emt 00:00:10]} h6 {[%clk 00:14:36]} {[%emt 00:01:57]} 38. Ra6 {[%clk
00:13:35]} {[%emt 00:00:55]} Ra1+ {[%clk 00:13:05]} {[%emt 00:02:01]} 39. Kg2
{[%clk 00:14:00]} {[%emt 00:00:05]} Ra2 {[%clk 00:12:38]} {[%emt 00:00:57]} 40.
Kf3 {[%clk 00:14:15]} {[%emt 00:00:14]} Ra1 {[%clk 00:12:46]} {[%emt 00:00:23]}
41. e3 {[%clk 00:12:21]} {[%emt 00:02:24]} a2 {[%clk 00:10:32]} {[%emt
00:02:44]} 42. h5 {[%clk 00:12:29]} {[%emt 00:00:21]} Kf8 {[%clk 00:10:43]}
{[%emt 00:00:19]} 43. Kf4 {[%clk 00:12:26]} {[%emt 00:00:33]} Ke7 {[%clk
00:09:33]} {[%emt 00:01:41]} 44. Kf5 {[%clk 00:12:48]} {[%emt 00:00:08]} Ke8
{[%clk 00:09:01]} {[%emt 00:01:02]} 45. Kf6 {[%clk 00:11:23]} {[%emt 00:01:54]}
Rg1 {[%clk 00:09:07]} {[%emt 00:00:25]} 46. Ra8+ {[%clk 00:10:34]} {[%emt
00:01:18]} Kd7 {[%clk 00:09:33]} {[%emt 00:00:04]} 47. Rxa2 {[%clk 00:10:54]}
{[%emt 00:00:11]} Rxg4 {[%clk 00:09:54]} {[%emt 00:00:08]} 48. Kxf7 {[%clk
00:11:11]} {[%emt 00:00:13]} Rg5 {[%clk 00:10:20]} {[%emt 00:00:04]} 49. Rd2+
{[%clk 00:11:19]} {[%emt 00:00:22]} Kc6 {[%clk 00:10:36]} {[%emt 00:00:14]} 50.
Kf6 {[%clk 00:09:10]} {[%emt 00:02:39]} Rxh5 {[%clk 00:10:11]} {[%emt
00:00:55]} 51. e4 {[%clk 00:08:36]} {[%emt 00:01:04]} 1-0

[Event "English Open Championship 2024"]
[Site "Holiday Inn, 212 Abbey End, Kenilworth CV8 1ED, United Kingdom"]
[Date "2024.06.21"]
[Round "3.10"]
[White "Verbytski, Oleg"]
[Black "Boswell, Jacob Connor"]
[Result "1-0"]
[TimeControl "G90 + 30secs/move"]
[WhiteFideId "495506"]
[BlackFideId "427110"]
[WhiteElo "2008"]
[BlackElo "2274"]

1. e4 {[%clk 01:30:58]} {[%emt 00:00:01]} c5 {[%clk 01:29:31]} {[%emt
00:01:29]} 2. Nf3 {[%clk 01:31:24]} {[%emt 00:00:05]} Nc6 {[%clk 01:29:55]}
{[%emt 00:00:06]} 3. d4 {[%clk 01:31:50]} {[%emt 00:00:04]} cxd4 {[%clk
01:30:19]} {[%emt 00:00:05]} 4. Nxd4 {[%clk 01:32:16]} {[%emt 00:00:04]} e5
{[%clk 01:30:40]} {[%emt 00:00:09]} 5. Nb5 {[%clk 01:32:30]} {[%emt 00:00:16]}
d6 {[%clk 01:30:53]} {[%emt 00:00:17]} 6. N1c3 {[%clk 01:32:55]} {[%emt
00:00:06]} a6 {[%clk 01:30:29]} {[%emt 00:00:54]} 7. Na3 {[%clk 01:33:18]}
{[%emt 00:00:07]} Be7 {[%clk 01:30:39]} {[%emt 00:00:19]} 8. Be3 {[%clk
01:29:45]} {[%emt 00:04:04]} Nf6 {[%clk 01:24:18]} {[%emt 00:06:51]} 9. Nc4
{[%clk 01:17:56]} {[%emt 00:12:19]} O-O {[%clk 01:04:49]} {[%emt 00:19:59]} 10.
Bb6 {[%clk 01:13:12]} {[%emt 00:05:14]} Qd7 {[%clk 01:01:57]} {[%emt 00:03:22]}
11. f3 {[%clk 01:06:52]} {[%emt 00:06:50]} Rb8 {[%clk 01:01:10]} {[%emt
00:01:17]} 12. Qd2 {[%clk 01:03:08]} {[%emt 00:04:15]} Bd8 {[%clk 00:47:00]}
{[%emt 00:14:39]} 13. Be3 {[%clk 00:55:04]} {[%emt 00:08:32]} b5 {[%clk
00:31:51]} {[%emt 00:15:41]} 14. Nxd6 {[%clk 00:52:23]} {[%emt 00:03:11]} Ba5
{[%clk 00:30:32]} {[%emt 00:01:48]} 15. Nxc8 {[%clk 00:48:39]} {[%emt
00:04:15]} Qxc8 {[%clk 00:31:00]} {[%emt 00:00:02]} 16. Bd3 {[%clk 00:46:01]}
{[%emt 00:03:09]} Rd8 {[%clk 00:28:38]} {[%emt 00:02:51]} 17. O-O {[%clk
00:43:35]} {[%emt 00:02:56]} Rb7 {[%clk 00:22:38]} {[%emt 00:06:30]} 18. Qf2
{[%clk 00:40:23]} {[%emt 00:03:42]} Nb4 {[%clk 00:19:27]} {[%emt 00:03:42]} 19.
Rfd1 {[%clk 00:32:20]} {[%emt 00:08:32]} Rbd7 {[%clk 00:19:35]} {[%emt
00:00:22]} 20. Bg5 {[%clk 00:31:08]} {[%emt 00:01:43]} Qc6 {[%clk 00:17:22]}
{[%emt 00:02:42]} 21. Qg3 {[%clk 00:28:22]} {[%emt 00:03:16]} h6 {[%clk
00:14:04]} {[%emt 00:03:48]} 22. Bh4 {[%clk 00:24:05]} {[%emt 00:04:47]} Qe6
{[%clk 00:09:08]} {[%emt 00:05:26]} 23. Rac1 {[%clk 00:14:07]} {[%emt
00:10:29]} g5 {[%clk 00:06:10]} {[%emt 00:03:28]} 24. Bxg5 {[%clk 00:13:48]}
{[%emt 00:00:49]} hxg5 {[%clk 00:06:32]} {[%emt 00:00:08]} 25. Qxg5+ {[%clk
00:14:12]} {[%emt 00:00:06]} Kh8 {[%clk 00:05:45]} {[%emt 00:01:17]} 26. Qh4+
{[%clk 00:13:22]} {[%emt 00:01:20]} Nh7 {[%clk 00:05:37]} {[%emt 00:00:37]} 27.
Nd5 {[%clk 00:13:38]} {[%emt 00:00:15]} f6 {[%clk 00:04:26]} {[%emt 00:01:42]}
28. a3 {[%clk 00:12:39]} {[%emt 00:01:29]} Nxd5 {[%clk 00:04:03]} {[%emt
00:00:53]} 29. exd5 {[%clk 00:12:57]} {[%emt 00:00:12]} Qxd5 {[%clk 00:04:26]}
{[%emt 00:00:07]} 30. Qh6 {[%clk 00:09:28]} {[%emt 00:03:58]} Qg8 {[%clk
00:02:32]} {[%emt 00:02:24]} 31. Rf1 {[%clk 00:08:15]} {[%emt 00:01:44]} Qg5
{[%clk 00:02:46]} {[%emt 00:00:16]} 32. Qh3 {[%clk 00:08:15]} {[%emt 00:00:30]}
Bd2 {[%clk 00:02:23]} {[%emt 00:00:52]} 33. Rcd1 {[%clk 00:08:28]} {[%emt
00:00:18]} Rg7 {[%clk 00:01:58]} {[%emt 00:00:55]} 34. f4 {[%clk 00:08:41]}
{[%emt 00:00:17]} Bxf4 {[%clk 00:00:43]} {[%emt 00:01:45]} 35. Bxh7 {[%clk
00:08:30]} {[%emt 00:00:41]} Be3+ {[%clk 00:00:32]} {[%emt 00:00:40]} 36. Kh1
{[%clk 00:08:50]} {[%emt 00:00:10]} Rd4 {[%clk 00:00:41]} {[%emt 00:00:21]} 37.
Be4+ {[%clk 00:08:17]} {[%emt 00:01:03]} Kg8 {[%clk 00:00:56]} {[%emt
00:00:16]} 38. Rxd4 {[%clk 00:08:04]} {[%emt 00:00:42]} Bxd4 {[%clk 00:00:32]}
{[%emt 00:00:55]} 39. Qc8+ {[%clk 00:08:29]} {[%emt 00:00:05]} Kf7 {[%clk
00:00:58]} {[%emt 00:00:04]} 40. Qd7+ {[%clk 00:08:54]} {[%emt 00:00:04]} Kf8
{[%clk 00:01:19]} {[%emt 00:00:10]} 41. Qe6 {[%clk 00:07:34]} {[%emt 00:01:50]}
Bf2 {[%clk 00:01:00]} {[%emt 00:00:49]} 42. Qc8+ {[%clk 00:05:18]} {[%emt
00:02:46]} Ke7 {[%clk 00:00:50]} {[%emt 00:00:39]} 43. Qc7+ {[%clk 00:05:27]}
{[%emt 00:00:22]} Kf8 {[%clk 00:01:04]} {[%emt 00:00:16]} 44. Qd8+ {[%clk
00:05:49]} {[%emt 00:00:08]} Kf7 {[%clk 00:01:28]} {[%emt 00:00:06]} 45. Qd3
{[%clk 00:05:25]} {[%emt 00:00:53]} Qe3 {[%clk 00:01:05]} {[%emt 00:00:53]} 46.
Qd5+ {[%clk 00:05:02]} {[%emt 00:00:53]} Kf8 {[%clk 00:00:33]} {[%emt
00:01:03]} 47. Rd1 {[%clk 00:05:11]} {[%emt 00:00:21]} Qb6 {[%clk 00:00:37]}
{[%emt 00:00:25]} 48. Qa8+ {[%clk 00:05:22]} {[%emt 00:00:19]} Ke7 {[%clk
00:00:47]} {[%emt 00:00:21]} 49. Qc8 {[%clk 00:05:22]} {[%emt 00:00:29]} Bd4
{[%clk 00:00:36]} {[%emt 00:00:41]} 50. c3 {[%clk 00:05:33]} {[%emt 00:00:20]}
f5 {[%clk 00:00:33]} {[%emt 00:00:33]} 51. Qxf5 {[%clk 00:05:32]} {[%emt
00:00:30]} Rf7 {[%clk 00:00:31]} {[%emt 00:00:33]} 52. Qg5+ {[%clk 00:05:48]}
{[%emt 00:00:14]} Ke8 {[%clk 00:00:32]} {[%emt 00:00:30]} 53. cxd4 {[%clk
00:06:04]} {[%emt 00:00:13]} Qxd4 {[%clk 00:00:50]} {[%emt 00:00:12]} 54. Qg8+
{[%clk 00:06:28]} {[%emt 00:00:05]} Ke7 {[%clk 00:01:06]} {[%emt 00:00:15]} 55.
Qxf7+ {[%clk 00:06:53]} {[%emt 00:00:05]} 1-0